00508 a2200217 4500260001000000100001700010260001000027245003000037300001600067650003000083260000900113300003100122130000800153035001000161035001000171035000900181035001000190250003800200500003500238020001700273 aParis aARNAUD, Paul bDunod aCours de chimie organique axxi, 521 p. a c1993 bill.en coul., fig. ; 26 cm lFr. a00308 a02103 a0204 a11332 a15e éd. ent. refondue.- 4e tir. aNotes (part. bibliographiques) a2-04-01916-8